MMA Champions - Statistics

General Stats
  • This quiz has been taken 19 times
  • The average score is 44 of 250
Answer Stats
Hint Answer % Correct
Bones Jon Jones
100%
DC Daniel Cormier
94%
Suga Sean O Malley
89%
Notorious Conor McGregor
83%
Mighty Mouse Demetrious Johnson
83%
El Matador Ilia Topuria
78%
The Spider Anderson Silva
72%
The Great Alexander Volkanovski
67%
Rush Georges ST Pierre
67%
The Last Stylebender Israel Adesanya
67%
The Eagle Khabib Nurmagomedov
67%
Bigfoot Antonio Silva
61%
N/A Assuerio Silva
61%
Du Bronx Charles Oliveira
61%
Tarlos Rafael Silva
61%
Axe Murderer Wanderlei Silva
61%
DG Cung Le
56%
Poaton Alex Pereira
50%
Pineapple Eugene Jackson
50%
Predator Francis Ngannou
50%
N/A Kevin Jackson
50%
Rampage Quinton Jackson
50%
N/A Usman Nurmagomedov
50%
The Lioness Amanda Nunes
44%
Cigano Junior Dos Santos
44%
nigerian nightmare Kamaru Usman
44%
Mighty Mo Mighty Mo
44%
RDA Rafael Dos Anjos
44%
Tarzan Sean Strickland
44%
Cannibal Alexandre Pantoja
39%
remember the name Belal Muhammad
39%
The assassin Baby Brandon Moreno
39%
Stillknocks Dricus Du Plessis
39%
Tripple C Henry Cejudo
39%
Junior Jose Aldo
39%
Fearless Joshua Van
39%
Borz Khamzat Chimaev
39%
rocky Leon Edwards
39%
Big Ank Magomed Ankalaev
39%
Rowdy Ronda Rousey
39%
Bon Gamin Ciryl Gane
33%
Beastin 28/2 Corey Anderson
33%
N/A Frank Mir
33%
N/A Islam Makhachev
33%
Sweet Dreams Jamahal Hill
33%
BJP Jiri Prochazka
33%
Highlight Justin Gaethje
33%
Blessed Max Holloway
33%
Honey Badger Tom Aspinall
33%
California Kid Uriah Faber
33%
Smooth Benson Henderson
28%
Cardio Cain Velasquez
28%
No Love Cody Garbrandt
28%
Hendo Dan Henderson
28%
Diamond Dustin Poirier
28%
The Assassin Fabian Edwards
28%
Polish Power Jan Blachowicz
28%
Shogun Mauricio Rua
28%
Count Michael Bisping
28%
N/A Nate Diaz
28%
No Mercy Petr Yan
28%
The Natural Randy Couture
28%
Lieutenant Dan TJ dillashaw
28%
El Cucuy Tony Ferguson
28%
Drago Alexander Volkov
22%
Funk Master Aljamain Sterling
22%
Showtime Anthony Pettis
22%
Prodigy Bj Penn
22%
The Ronin Carlos Newton
22%
All American Chris Weidman
22%
Iceman Chuck Liddell
22%
The American Gangster Chael Sonnen
22%
The Predator Don Frye
22%
Hardcore Kid Emanuel Newton
22%
Vai Cavalo Fabricio Werdum
22%
The Last Emperor Fedor Emelianenko
22%
N/A Glover Teixeira
22%
Giacomo Jack Della Maddalena
22%
Dragon Lyoto Machida
22%
The Machine Merab Dvalishvili
22%
Cro Cop Mirko Filipovic
22%
Ninja Murilo Rua
22%
N/A Nick Diaz
22%
Phenom Vitor Belfort
22%
Blue eyed Samurai Andy Hug
17%
Minotauro Antonio Rodrigo Nogueira
17%
funky Ben Askren
17%
N/A Brock Lesnar
17%
Cookie Monster Carla Esparza
17%
Black Jag Carlos Ulberg
17%
Cyborg Chris Cyborg
17%
The Beast Dan Severn
17%
God Of War Deiveson Figueiredo
17%
Dominator Dominick Cruz
17%
The Legnd Frank Shamrock
17%
Preachers Daughter Holly Holm
17%
Venezuelan Vixen Juilana Pena
17%
Doug Kayla Harrison
17%
Gracie Hunter Kazushi Sakuraba
17%
Worlds Most Dangerous Man Ken Shamrock
17%
Farmboy Matt Hughes
17%
Iron Michael Chandler
17%
King Mo Muhammed Lawal
17%
Croation Sensation Pat Miletich
17%
Sugar Rashad Evans
17%
The Baron Renan Barao
17%
Ruthless Robbie Lawler
17%
Grim Reaper Robert Whittaker
17%
Phenom Sergio Pettis
17%
N/A Stipe Miocic
17%
Huntington Beach Bad Boy Tito Ortiz
17%
N/A Alexa Grasso
11%
Demolition Man Alistair Overeem
11%
El Guapo Bas Rutten
11%
Natural Born Killer Carlos Condit
11%
The Warrior Christian Lee
11%
The Warrior Dave Menne
11%
Underground King Eddie Alvarez
11%
N/A Evan Tanner
11%
N/A Forrest Griffin
11%
Answer Frankie Edgar
11%
Iron Lady Germaine De Randamie
11%
Lil Evil Jens Pulver
11%
Violence joanna jedrzejczyk
11%
Big Rig Johny Hendricks
11%
Gamebred Jorge Masvidal
11%
Warmaster Josh Barnett
11%
The Monster Kevin Randleman
11%
N/A Luke Rockhold
11%
The Iron Lady Mackenzie Dern
11%
The Hammer Mark Coleman
11%
Super Samoan Mark Hunt
11%
Smashing Machine Mark Kerr
11%
Terror Matt Serra
11%
Cupcake Miesha Tate
11%
Bust a Move Murilo Bustamante
11%
LEION Nicco Montano
11%
Rocky Raquel Pennington
11%
Suave Ricco Rodriguez
11%
Ace Rich Franklin
11%
Thug Rose Namajunas
11%
Muscle Shark Sean Sherk
11%
the chozen one Tyron Woodley
11%
Bullet Valentina Shevchenko
11%
EL Pantera Yair Rodriguez
11%
Magnum Zhang Weili
11%
Pitbull Andrei Arlovski
6%
Carpenter Clay Guida
6%
Conviction Gina Carano
6%
Bate Estaca Jessica Andrade
6%
The Punk Josh Thomson
6%
KJ KJ Noons
6%
Karate Kid Kyoji Horiguchi
6%
King of the streets Marco Ruas
6%
MO Maurice Smith
6%
Russian Bear Oleg Taktarov
6%
Pitbull Patricio Pitbull
6%
N/A Patrick Smith
6%
Pitbull Patricky Pitbull
6%
Cachorrao Ricardo Almeida
6%
N/A Roger Gracie
6%
Jacare Ronaldo Souza
6%
Red King Rory Macdonald
6%
Toquinho Rousimar Palhares
6%
N/A Royce Gracie
6%
Darth Ryan Bader
6%
hands of steel Scott Smith
6%
Engineer Shane Carwin
6%
Ninja Cop Steve Jennum
6%
Fireball Kid Takanori Gomi
6%
Maneiac Tim Sylvia
6%
Mercenary AJ Mckee
0%
Storm Alexander Shlemenko
0%
The Cobra Badr Hari
0%
B South Bobby Southworth
0%
Beast Bob Sapp
0%
The Truth Brandon Vera
0%
Irish Brennan Ward
0%
The All American Brian Stann
0%
N/A Cheick Kongo
0%
Crippler Chris Leben
0%
The Polar Bear Cole Konrad
0%
phenom Douglas Lima
0%
Bang Duane Ludwig
0%
THe Fire eddie Wineland
0%
Mr Perfect Ernesto Hoost
0%
Dreamcatcher Gegard Mousasi
0%
El Nino Gilbert Melendez
0%
The rebel Turkish Gokhan Saki
0%
Sandman Guy Mezger
0%
Mach Hayato Sakurai
0%
Lightning Hector Lombard
0%
The Unreal Hermes Franca
0%
Techno Goliath Hong Man Choi
0%
N/A Jake Shields
0%
Sandman James Irvin
0%
C-4 Jamie Varner
0%
The Punisher Jason Lambert
0%
N/A Jerry Bohlander
0%
Jag Jessica Aguilar
0%
Diesel Joe Riggs
0%
One Bad Mofo Joe Soto
0%
GMC Joe Warren
0%
Hands Of Stone John Lineker
0%
human cheat code Johnny Elben
0%
The Sandman Jorge Santiago
0%
The Jewel Juila Budd
0%
The Heat Karo Parisyan
0%
Hitman Kazuo Misaki
0%
Yakuza Kenichi Yamamoto
0%
The Girlilla Liz Carmouche
0%
RUmina Marloes Coenen
0%
Magic Marlon Moraes
0%
Hybrid Wrestler Masakatsu Funaki
0%
Maxi Maximo Blanco
0%
Angel Miguel Torres
0%
Mak Mike Kyle
0%
Quicksand Mike Pyle
0%
Minouru Minoru Suzuki
0%
The Great Nate Marquardt
0%
East Norbert Balogh
0%
No Love Patchy Mix
0%
Mosquito Pat Curran
0%
Paulao Paulo Filho
0%
Dutch Lumberjack Peter Aerts
0%
Chief Peter Graham
0%
Mr. Wonderful Phil Davis
0%
Feijao Rafael Cavalcante
0%
UY Rafael Halsey
0%
Dutch Knight Reinier De Ridder
0%
Babalu Renato Sobral
0%
sugarfoot Rey Sefo
0%
The Dutchman Rob Kaman
0%
N/A Sam Greco
0%
Red Ink Sarah Kaufman
0%
Hightower Semmy Schilt
0%
Tobikan Judah Shinya Aoki
0%
Mr International Shonie Carter
0%
Blitz Stefan Leko
0%
Sponge Tarec Saffiedine
0%
TK Tsuyoshi Kosaka
0%
King of the ring Tyrone Spong
0%
N/A Vadim Nemkov
0%
N/A Valentin Moldavsky
0%
3 Will Brooks
0%
N/A Wilson Reis
0%
Kazuo Yoshiki Takahashi
0%
Sora Yuki Kondo
0%
Thunder Yushin Okami
0%
warrior princess Zoila Gurgel
0%
No matching quizzes found
Score Distribution
Percent of People with Each Score
Percentile by Number Answered
Your Score History
You have not taken this quiz